书目信息 |
| 题名: |
农业化学
|
|
| 作者: | 严梅和 编 | |
| 分册: | ||
| 出版信息: | 北京 中华书局 |
|
| 页数: | 106页 | |
| 开本: | 19cm | |
| 丛书名: | ||
| 单 册: | ||
| 中图分类: | S312 | |
| 科图分类: | ||
| 主题词: | 作物--生物学--理论 , 作物--栽培 | |
| 电子资源: | ||
| ISBN: | ||
| 000 | 00519nam0 2200205 450 | |
| 001 | 0633299303 | |
| 005 | 20060809091616.18 | |
| 010 | @d不详 | |
| 100 | @a20060809d km y0chiy0120 ea | |
| 101 | 0 | @achi |
| 102 | @aCN@b110000 | |
| 200 | 1 | @a农业化学@Anong ye hua xue@f严梅和编@Fyan mei he bian |
| 210 | @a北京@c中华书局 | |
| 215 | @a106页@d19cm | |
| 606 | 0 | @a作物@x生物学@x理论 |
| 606 | 0 | @a作物@x栽培 |
| 690 | @aS312@v3 | |
| 701 | 0 | @a严梅和@Ayan mei he@4编 |
| 801 | 0 | @aCN@bPFT@c20060809 |
| 905 | @a10447@dS312@e22 | |
| 农业化学/严梅和编.-北京:中华书局 |
| 106页;19cm |
| ISBN :不详 |
| ● |
| 相关链接 |
|
|
|
|
正题名:农业化学
索取号:S312/22
 
预约/预借
| 序号 | 登录号 | 条形码 | 馆藏地/架位号 | 状态 | 备注 |
| 1 | 0451844 | 204518441 | 密集书库/ [索取号:S312/22] | 在馆 |